| 000 | 00389nam a2200145Ia 4500 | ||
|---|---|---|---|
| 008 | 230917s9999||||xx |||||||||||||| ||und|| | ||
| 040 |
_e40514 _aMAIN |
||
| 041 | _aEnglish | ||
| 082 | _a810.9 T735C:l | ||
| 100 | _aChace, Williams M | ||
| 245 | 0 | _aLionel trilling: criticism and politics | |
| 260 |
_aCalifornia _bStanford University Press _c1980 |
||
| 300 | _axii, 207 p. | ||
| 942 | _cBK | ||
| 999 |
_c224600 _d224600 |
||